000 00810cam a22002415a 4500
001 L159335
008 160905s2013 xxk f 000 0 eng d
020 _a9781315040806
035 _a(Sirsi) u159335
041 0 _aeng
100 1 _aMackmin, David
245 0 0 _aValuation and sale of residential property
_h[electronic resource]
250 _a4th edition
260 _aLondon
_bTaylor&Francis
_c2013
520 _aExplains valuation principles and procedures relating to the sale of residential property in Engand and Wales.
590 _aKA
650 2 4 _aEBOOK
651 4 _aEngland and Wales
_y1543-
690 _aValuation
_96273
690 _aResidential property
_96266
856 4 0 _uhttps://www.vlebooks.com/
_zView on VLEbooks. Logins for members only from [email protected]
942 _n0
999 _c115814
_d115814